000 00314nam a22001337a 4500
008 250721b |||||||| |||| 00| 0 eng d
020 _a0875848974
050 _aHD57.7
_b.K68
100 _aKOTTER, P. John
245 _aWhat Lesders Really Do
260 _aU.S.A
_bFree Press
_c1982
300 _a184p.
942 _cBK
999 _c4354
_d4354